Programa de los festejos que celebrará esta sociedad durante los días 23, 24, 25, 26 y 27 de agosto de 1929
Descripción Física:
[8] p. ; 17 cm
Materias:
Festes majors -- Programes
MARC
| LEADER | 00000nam a2200000Ia 4500 | ||
|---|---|---|---|
| 001 | 16445 | ||
| 003 | BGR | ||
| 005 | 20260324180134.0 | ||
| 008 | 160829s1929 xx 000 0 cat d | ||
| 080 | |a 3927, exp. 639 | ||
| 110 | 2 | |a Ateneu Igualadí de la Classe Obrera |9 70534 | |
| 245 | |a Programa de los festejos que celebrará esta sociedad durante los días 23, 24, 25, 26 y 27 de agosto de 1929 | ||
| 260 | |a Igualada : |b (Imprenta Abadal), |c 1929 | ||
| 300 | |a [8] p. ; |c 17 cm | ||
| 590 | |a A la coberta: Fiesta mayor 1929 | ||
| 650 | |a Festes majors |x Programes |9 26615 | ||
| 901 | |a Arxiu | ||
| 942 | |n 1 |2 udc |c MON | ||
| 952 | |0 0 |1 0 |4 0 |6 3927_EXP_639 |7 1 |9 53963 |a Arxiu |b Arxiu |d 2016-12-01 |l 0 |o 3927, exp. 639 |p 16445 |r 2016-12-01 00:00:00 |w 2016-12-01 |y ARXIU | ||
| 999 | |c 57830 |d 57830 | ||